00398nam a2200157Ia 4500003000400000008004100004040001600045082001300061100001900074245003500093260004300128300001000171650001500181650002100196650002300217GCL140319s9999 xx 000 0 eng d aGCL / cGCL04a860bS D1 aSULINAS, PEDRO10aEL DEFENSOR / cSULINAS, PEDRO a[S.N] : bA LIANZA EDITORIAL ، c1986 a327 P04aLITERATURE04aSPANISH LANGUAGE04aSPANISH LITERATURE